000 00688nam a2200253Ia 4500
003 OSt
005 20220928101752.0
006 a|||||r|||| 00| 0
007 ta
008 220927b |||||||| |||| 00| 0 eng d
024 _a59553
037 _cTextual
040 _aSDCL
_cSDCL
_beng
041 _2eng
_aeng
082 _aR65,6x, K6
100 _aRamdas Swami
_9394971
245 0 _aBhavan's Book University .
260 _aIndia
_bGita Sandesh
_c1966
300 _a124p.
_ccm.
700 _a Diwakar R R
_9394972
700 _a Munshi K M Ed.
_9394973
942 _hR65,6x, K6
_cTEXL
_2CC
999 _c710584
_d710584